LEADER 01607nam a2200325 u 4500 001 000000119459 003 CaOOAMICUS 005 20100122125909.0 008 100122t2009 it u000 u ita u 020 $a978-88-13-29718-3 040 $aPUL$bita$dReb 100 1 $aConso, Giovanni.$0(OLS)http://pul/name/15769 245 10$aCommentario breve al codice di procedura penale :$bcomplemento giurisprudenziale /$cGiovanni Conso, Vittorio Grevi ; a cura di Vittorio Grevi ; con la collaborazione di Maria Gabriella Aimonetto [et al.]. 250 $a6. ed. 260 $aPadova :$bCEDAM,$c2009. 300 $axxv, 2813 p. ;$c23 cm. 490 1 $aBreviaria Iuris ;$v6 500 $aIl complemento giurisprudenziale è a cura di Vittorio Grevi. 500 $aCopyright 2009 Wolters Kluwer Italia Srl. 630 04$aCodice di procedura penale$zItalia.$0(OLS)http://pul/subject/20312 650 4$aProcedura penale$zItalia.$0(OLS)http://pul/subject/12686 700 1 $aGrevi, Vittorio.$0(OLS)http://pul/name/15770 700 1 $aAimonetto, Maria Gabriella.$0(OLS)http://pul/name/30579 830 0$aBreviaria Iuris ;$v6.$0(OLS)http://pul/title/8521 850 $aPUL 852 $aPUL$W1$xDP2 Diritto e Scienze Sociali 3$y110$m348. 45 BCOLL 13$j137055$qDDC 21$B136118$CPULBib$Z2$F136118 $H111641 $82 941 1 $a9 996 $6020$a978-88-13-29718-3$9(OLS)http://pul/number/143078 996 $6245$aCommentario breve al codice di procedura penale :$bcomplemento giurisprudenziale$9(OLS)http://pul/title/150294 996 $6260$aPadova :$bCEDAM$9(OLS)http://pul/publisher/48126 LEADER 01330nam a2200313 a 4500 001 000000128382 003 CaOOAMICUS 005 20120419091649.0 008 120419m2011 it a u000 u ita r 040 $aPUL$bita 082 04$a930 245 00$aAlto medioevo :$barti visive, musica. 260 $aMilano :$bR.C.S. Quotidiani,$c2011. 300 $a647 p. :$b ill. ;$c22 cm. 490 1 $aLa grande storia.$aIl Medioevo; ;$v17 500 $aEdizione speciale per il Corriere della Sera. 500 $aSul front: "Il Medioevo" a cura di Umberto Eco. 650 4$aStoria$vEnciclopedie.$0(OLS)http://pul/subject/13958 650 4$aArte medievale.$0(OLS)http://pul/subject/27024 650 4$aMusica$yEvo medio.$0(OLS)http://pul/subject/30429 700 1 $aEco, Umberto,$d1932-2016.$0(OLS)http://pul/name/11020 830 3$aLa grande storia.$pIl Medioevo ;$v17.$0(OLS)http://pul/title/162250 850 $aPUL 852 $aPUL$W1$xSL Cons. Gen., Altre Classi 1$y1$m1391 A 38.17$j148704$qStampati$B147223$CPULBib$Z2$F147223 $H119259 $82 941 1 $a8 996 $6082$a930$9(OLS)http://pul/classification/398 996 $6245$aAlto medioevo :$barti visive, musica$9(OLS)http://pul/title/145151 996 $6260$aMilano :$bR.C.S. Quotidiani$9(OLS)http://pul/publisher/79195